000 00744nam a22001697a 4500
020 _a978-93-5840-362-6
082 _a657.42
100 _aArora, M. N.
245 _aCost Accounting: Theory, Problems and Solutions
250 _a6th
260 _aMumbai:
_bHimalaya Publishing House,
_c2024
300 _a413 mixed p.: ill.; 25cm
500 _aTABLE OF CONTENTS:
505 _aIntroduction 1.1 Material Cost 2.1 Employee Cost (Labour Cost) 3.1 Overheads 4.1 Cost Sheet (unit or Output Costing) 5.1 Job Costing 6.1 Contract Costing 7.1 Process Costing 8.1 Service or Operating Costing 9.1 Integral and Non-Integral Systems 10.1 Reconciliation of Cost and Financial Accounts 11.1
700 _aKatyal, Priyanka
942 _cBK
999 _c22103
_d22103